[Event "HUN-chT2 Asztalos 0607"]
[Site "Hungary"]
[Date "2007.02.18"]
[Round "5"]
[White "Vrban, Stjepan"]
[Black "Zamodics, Ferenc"]
[Result "1/2-1/2"]
[WhiteElo "2154"]
[BlackElo "1985"]
[PlyCount "45"]
[EventDate "2006.11.12"]
[EventType "team"]
[EventRounds "11"]
[EventCountry "HUN"]
[SourceTitle "EXT 2008"]
[Source "ChessBase"]
[SourceDate "2007.11.25"]
[SourceVersion "1"]
[SourceVersionDate "2007.11.25"]
[SourceQuality "1"]
[WhiteTeam "Nagyatad"]
[BlackTeam "Dombovar"]
[WhiteTeamCountry "HUN"]
[BlackTeamCountry "HUN"]

1. e4 c5 2. Nf3 e6 3. d4 cxd4 4. Nxd4 a6 5. c4 Bc5 6. Nc2 Nc6 7. Be3 Bxe3 8. Nxe3 Nf6 9. Nc3 0-0 10. Be2 Qb6 11. Qd2 Rd8 12. 0-0 d6 13. Rfd1 Bd7 14. Rac1 Be8 15. h3 Rac8 16. b3 h6 17. Qb2 Na7 18. Bd3 Bc6 19. Bb1 Qc5 20. Qe2 Qe5 21. Ng4 Nxg4 22. Qxg4 b5 23. cxb5 1/2-1/2

[Event "HUN-chT2 Asztalos 0506"]
[Site "Hungary"]
[Date "2005.11.13"]
[Round "3"]
[White "Miovecz, Janos"]
[Black "Vrban, Stjepan"]
[Result "1/2-1/2"]
[WhiteElo "2116"]
[BlackElo "2167"]
[PlyCount "142"]
[EventDate "2005.10.16"]
[EventType "team"]
[EventRounds "11"]
[EventCountry "HUN"]
[SourceTitle "EXT 2009"]
[Source "ChessBase"]
[SourceDate "2008.11.26"]
[SourceVersion "1"]
[SourceVersionDate "2008.11.26"]
[SourceQuality "1"]
[WhiteTeam "Szenna Pack II"]
[BlackTeam "Nagyatad"]
[WhiteTeamCountry "HUN"]
[BlackTeamCountry "HUN"]

1. e4 Nf6 2. Nc3 d5 3. e5 Nfd7 4. d4 e6 5. f4 c5 6. Nf3 Nc6 7. Be3 a6 8. Qd2 Qc7 9. Bd3 cxd4 10. Nxd4 Nxd4 11. Bxd4 Bc5 12. Ne2 Bxd4 13. Nxd4 Nc5 14. c3 Nxd3+ 15. Qxd3 0-0 16. 0-0 f6 17. exf6 Rxf6 18. Qe3 Bd7 19. Rae1 Raf8 20. g3 Qb6 21. Qd2 Bb5 22. Rf2 g5 23. Re5 gxf4 24. Rxf4 Rxf4 25. gxf4 Rf6 26. Qe3 Bd7 27. b3 Rg6+ 28. Rg5 Rxg5+ 29. fxg5 Qd6 30. Nf3 Be8 31. Ne5 Bg6 32. b4 Bf5 33. h4 a5 34. a3 axb4 35. axb4 Qa6 36. Kf2 Qa2+ 37. Kg3 Qa1 38. Ng4 Bxg4 39. Kxg4 Qd1+ 40. Kf4 Kf7 41. Ke5 Qg4 42. Qf2+ Kg8 43. Qf6 Qxh4 44. Qxe6+ Kg7 45. Qf6+ Kg8 46. Kxd5 b5 47. Kc6 Qc4+ 48. Kb6 Qd3 49. Qe6+ Kg7 50. Qe5+ Kg8 51. Qxb5 Qxc3 52. Qc5 Qd2 53. Kc7 Qf4+ 54. Kb7 h6 55. gxh6 Qxh6 56. b5 Qd2 57. b6 Kg7 58. Qc7+ Kh6 59. Ka8 Kh5 60. b7 Qa2+ 61. Kb8 Qg8+ 62. Ka7 Qa2+ 63. Kb6 Qb3+ 64. Ka6 Qd3+ 65. Kb6 Qb3+ 66. Kc6 Qc4+ 67. Kd7 Qf7+ 68. Kc8 Qf8+ 69. Qd8 Qc5+ 70. Kb8 Qe5+ 71. Qc7 Qe8+ 1/2-1/2

[Event "HUN-chT2 Asztalos 0405"]
[Site "Hungary"]
[Date "2005.03.06"]
[Round "9"]
[White "Vrban, Stjepan"]
[Black "Biskopics, Marton"]
[Result "1/2-1/2"]
[WhiteElo "2191"]
[BlackElo "2016"]
[PlyCount "36"]
[EventDate "2004.09.26"]
[EventType "team"]
[EventRounds "11"]
[EventCountry "HUN"]
[SourceTitle "EXT 2009"]
[Source "ChessBase"]
[SourceDate "2008.11.26"]
[SourceVersion "1"]
[SourceVersionDate "2008.11.26"]
[SourceQuality "1"]
[WhiteTeam "Nagyatad"]
[BlackTeam "Aquaprofit"]
[WhiteTeamCountry "HUN"]
[BlackTeamCountry "HUN"]

1. e4 c5 2. Nf3 e6 3. d4 cxd4 4. Nxd4 a6 5. c4 Nf6 6. Nc3 d6 7. Be3 Qc7 8. Rc1 Nbd7 9. f3 b6 10. Qd2 Bb7 11. Be2 Rc8 12. 0-0 Be7 13. Rfd1 0-0 14. Qe1 Rfe8 15. Qf2 Bf8 16. g4 g6 17. g5 Nh5 18. Nb3 Nc5 1/2-1/2

[Event "HUN-chT2 Asztalos 0304"]
[Site "Hungary"]
[Date "2003.12.07"]
[Round "5"]
[White "Thurmer, Jeno"]
[Black "Vrban, Stjepan"]
[Result "1/2-1/2"]
[WhiteElo "2142"]
[BlackElo "2195"]
[PlyCount "36"]
[EventDate "2003.08.29"]
[EventType "team"]
[EventRounds "11"]
[EventCountry "HUN"]
[SourceTitle "EXT 2009"]
[Source "ChessBase"]
[SourceDate "2008.11.26"]
[SourceVersion "1"]
[SourceVersionDate "2008.11.26"]
[SourceQuality "1"]
[WhiteTeam "Komlo Banyasz"]
[BlackTeam "Nagyatad"]
[WhiteTeamCountry "HUN"]
[BlackTeamCountry "HUN"]

1. d4 c5 2. e4 cxd4 3. Nf3 e5 4. c3 dxc3 5. Nxc3 d6 6. Bc4 Qc7 7. Qe2 h6 8. 0-0 Nc6 9. h3 Nf6 10. Rd1 a6 11. Be3 Be6 12. Nd5 Bxd5 13. exd5 Nb8 14. Rac1 Qd8 15. a4 Be7 16. Qc2 Nbd7 17. Qb3 b6 18. Be2 Nc5 1/2-1/2

[Event "HUN-chT2 Asztalos 0304"]
[Site "Hungary"]
[Date "2003.01.25"]
[Round "6"]
[White "Nogradi, Gabor"]
[Black "Vrban, Stjepan"]
[Result "1/2-1/2"]
[WhiteElo "2118"]
[BlackElo "2195"]
[PlyCount "41"]
[EventDate "2003.08.29"]
[EventType "team"]
[EventRounds "11"]
[EventCountry "HUN"]
[SourceTitle "EXT 2009"]
[Source "ChessBase"]
[SourceDate "2008.11.26"]
[SourceVersion "1"]
[SourceVersionDate "2008.11.26"]
[SourceQuality "1"]
[WhiteTeam "Pecs Karmin"]
[BlackTeam "Nagyatad"]
[WhiteTeamCountry "HUN"]
[BlackTeamCountry "HUN"]

1. Nf3 Nf6 2. c4 g6 3. Nc3 Bg7 4. e4 d6 5. d4 0-0 6. Be2 e5 7. 0-0 Nc6 8. d5 Ne7 9. Ne1 Nd7 10. Be3 f5 11. f3 f4 12. Bd2 g5 13. b4 Ng6 14. Nd3 h5 15. c5 Nf6 16. Qb3 Rf7 17. Rfc1 Bf8 18. a4 Rg7 19. a5 g4 20. cxd6 Bxd6 21. Nb5 1/2-1/2